<?xml version="1.0" encoding="UTF-8"?><?xml-stylesheet type="text/xsl" href="static/style.xsl"?><OAI-PMH xmlns="http://www.openarchives.org/OAI/2.0/" xmlns:xsi="http://www.w3.org/2001/XMLSchema-instance" xsi:schemaLocation="http://www.openarchives.org/OAI/2.0/ http://www.openarchives.org/OAI/2.0/OAI-PMH.xsd"><responseDate>2026-04-27T21:39:06Z</responseDate><request verb="GetRecord" identifier="oai:riubu.ubu.es:10259/10415" metadataPrefix="marc">https://riubu.ubu.es/oai/request</request><GetRecord><record><header><identifier>oai:riubu.ubu.es:10259/10415</identifier><datestamp>2025-04-09T11:22:23Z</datestamp><setSpec>com_10259_2699</setSpec><setSpec>col_10259_9310</setSpec></header><metadata><record xmlns="http://www.loc.gov/MARC21/slim" xmlns:doc="http://www.lyncode.com/xoai" xmlns:xsi="http://www.w3.org/2001/XMLSchema-instance" xmlns:dcterms="http://purl.org/dc/terms/" xsi:schemaLocation="http://www.loc.gov/MARC21/slim http://www.loc.gov/standards/marcxml/schema/MARC21slim.xsd">
<leader>00925njm 22002777a 4500</leader>
<datafield tag="042" ind1=" " ind2=" ">
<subfield code="a">dc</subfield>
</datafield>
<datafield tag="720" ind1=" " ind2=" ">
<subfield code="a">Cornejo Aguilar, José Luis</subfield>
<subfield code="e">author</subfield>
</datafield>
<datafield tag="260" ind1=" " ind2=" ">
<subfield code="c">2024</subfield>
</datafield>
<datafield tag="520" ind1=" " ind2=" ">
<subfield code="a">This thesis presents the engineering design of mechatronic systems, emphasizing on zoomorphic robots inspired by arthropods—organisms renowned for their biomechanical features. The research encompasses a comprehensive state-of-the-art, observational studies, and the development of novel computational methodologies. The objectives are threefold: (i) to conduct a systematic review of arthropod-inspired robots, classified taxonomically and categorized by morphology, degrees of freedom, actuation mechanisms, modularity, and environmental adaptability; (ii) to standardize the mechanical configuration of kinematic chains of caterpillars through a geometric algorithm derived from experimental observations; and (iii) to develop the kinematic and dynamic analyses to simulate the behavior of bioinspired robotic caterpillar during inching-locomotion, resulting in actuator selection. This work highlights “arthrobotics” as an interdisciplinary field integrating arthropod biomechanics with robotics, fostering innovative methodologies for biomechatronic design with applications spanning industrial assembly tasks and planetary exploration.</subfield>
</datafield>
<datafield tag="520" ind1=" " ind2=" ">
<subfield code="a">Esta tesis presenta el diseño de ingeniería de sistemas mecatrónicos, centrado en robots zoomórficos inspirados en artrópodos, organismos reconocidos por sus características biomecánicas. La investigación abarca el estado del arte, estudios observacionales y creación de nuevas metodologías computacionales. Los objetivos son: (i) realizar una revisión sistemática de robots inspirados en artrópodos, clasificados taxonómicamente y categorizados por morfología, grados de libertad, mecanismos de actuación, modularidad y adaptabilidad ambiental; (ii) estandarizar la configuración mecánica de las cadenas cinemáticas de orugas a través de un algoritmo geométrico derivado de observaciones experimentales; y (iii) desarrollar análisis cinemáticos y dinámicos para simular el comportamiento de la oruga robótica bioinspirada durante su locomoción, resultando en la selección actuadores. Este trabajo destaca la “artrobótica” como un campo interdisciplinario que fusiona la biomecánica de los artrópodos con la robótica, inspirando nuevas metodologías para el diseño de sistemas biomecatrónicos con aplicaciones en tareas de ensamblaje industrial y exploración planetaria.</subfield>
</datafield>
<datafield tag="024" ind2=" " ind1="8">
<subfield code="a">http://hdl.handle.net/10259/10415</subfield>
</datafield>
<datafield tag="024" ind2=" " ind1="8">
<subfield code="a">10.36443/10259/10415</subfield>
</datafield>
<datafield ind1=" " ind2=" " tag="653">
<subfield code="a">Biomimetic engineering</subfield>
</datafield>
<datafield ind1=" " ind2=" " tag="653">
<subfield code="a">Bio-inspired robot</subfield>
</datafield>
<datafield ind1=" " ind2=" " tag="653">
<subfield code="a">Mechatronics design</subfield>
</datafield>
<datafield ind1=" " ind2=" " tag="653">
<subfield code="a">Biomechanics</subfield>
</datafield>
<datafield ind1=" " ind2=" " tag="653">
<subfield code="a">Robot locomotion</subfield>
</datafield>
<datafield ind1=" " ind2=" " tag="653">
<subfield code="a">Ingeniería biomimética</subfield>
</datafield>
<datafield ind1=" " ind2=" " tag="653">
<subfield code="a">Robot bioinspirado</subfield>
</datafield>
<datafield ind1=" " ind2=" " tag="653">
<subfield code="a">Diseño mecatrónico</subfield>
</datafield>
<datafield ind1=" " ind2=" " tag="653">
<subfield code="a">Biomecánica</subfield>
</datafield>
<datafield ind1=" " ind2=" " tag="653">
<subfield code="a">Locomoción robótica</subfield>
</datafield>
<datafield tag="245" ind1="0" ind2="0">
<subfield code="a">Contributions to the mechatronics design engineering of zoomorphic mobile robots  bio-inspired by arthropods and caterpillars</subfield>
</datafield>
</record></metadata></record></GetRecord></OAI-PMH>